00697nam a2200205 i 4500001000300000245010900003260005600112300004200168650003400210650001400244700002900258700002200287040000800309041000800317044000800325080001000333080000900343008004100352856009800393bg00aSłownik towaroznawczy.nT. 3,pF-I /c[red. nacz. Wacław Walewski ; aut. tomu Jan Antosiewicz et al.]. aWarszawa :bPolskie Wydawnictwa Gospodarcze,c1954. a[6] s., łamy 5-1268 :bil. ;c25 cm. 4aTowaroznawstwoxterminologia. 4aSłowniki1 aWalewski, Wacław.eRed.1 aAntosiewicz, Jan. cBPK apol aPOL a620.2 a(03)110408s1954 pl a |000 0 pol  uhttp://koha.tu.koszalin.pl/cgi-bin/koha/opac-detail.pl?biblionumber=49723yKatalog online BPK